[Event "BL 1213 SV Griesheim - SV Wattenscheid"]
[Site "?"]
[Date "2012.11.10"]
[Round "3.4"]
[White "Izsak, Gyula"]
[Black "Appel, Ralf"]
[Result "1/2-1/2"]
[WhiteElo "2471"]
[BlackElo "2525"]
[PlyCount "68"]
[EventDate "2012.??.??"]

1. d4 Nf6 2. c4 c6 3. Nf3 d5 4. e3 Bg4 5. Nbd2 e6 6. Bd3 Be7 7. Qc2 Nbd7 8. b3
Bh5 9. Bb2 a5 10. a3 Bg6 11. O-O O-O 12. Bxg6 hxg6 13. c5 Ne8 14. b4 Nc7 15.
Nb3 axb4 16. axb4 Rb8 17. Ne5 Nb5 18. Rfb1 Qc7 19. Nxd7 Qxd7 20. Nc1 Rfe8 21.
Ne2 Bf6 22. Qd3 Nc7 23. Bc3 Re7 24. h3 Rbe8 25. f4 Rb8 26. Be1 Ree8 27. Bg3 Qd8
28. Nc3 b5 29. Ra2 Rb7 30. Rba1 Qd7 31. Ra7 Rxa7 32. Rxa7 Ra8 33. Rxa8+ Nxa8
34. Qb1 Qa7 1/2-1/2

[Event "BL 1213 SV Griesheim - SV Wattenscheid"]
[Site "?"]
[Date "2012.11.10"]
[Round "3.5"]
[White "Handke, Florian"]
[Black "Horvath, Peter"]
[Result "1-0"]
[WhiteElo "2556"]
[BlackElo "2434"]
[PlyCount "73"]
[EventDate "2012.??.??"]

1. e4 c5 2. Nf3 Nc6 3. Bb5 g6 4. Bxc6 dxc6 5. d3 Bg7 6. h3 Nf6 7. Nc3 O-O 8.
Be3 b6 9. Qd2 e5 10. Bh6 Qd6 11. O-O-O b5 12. Ne2 a5 13. Ng3 Re8 14. Nh2 Bxh6
15. Qxh6 Kh8 16. Rhf1 a4 17. f4 a3 18. b3 Ng8 19. Qh4 exf4 20. Qxf4 Qxf4+ 21.
Rxf4 Kg7 22. Nf3 h6 23. h4 Nf6 24. d4 Nd7 25. d5 cxd5 26. exd5 Ra6 27. c4 bxc4
28. Rxc4 Bb7 29. Re4 Rxe4 30. Nxe4 f5 31. Nc3 Kf6 32. Nd2 Ne5 33. Nc4 Nxc4 34.
bxc4 Ke7 35. Kc2 Kd7 36. Rb1 Kc8 37. Rb5 1-0

[Event "BL 1213 SV Griesheim - SV Wattenscheid"]
[Site "?"]
[Date "2012.11.10"]
[Round "3.6"]
[White "Grabarczyk, Miroslaw"]
[Black "Hirneise, Tobias"]
[Result "1/2-1/2"]
[WhiteElo "2450"]
[BlackElo "2448"]
[PlyCount "31"]
[EventDate "2012.??.??"]

1. d4 Nf6 2. c4 e6 3. Nf3 b6 4. g3 Ba6 5. b3 b5 6. cxb5 Bxb5 7. Bg2 d5 8. Nc3
Ba6 9. O-O Bd6 10. Bf4 Nbd7 11. Rc1 O-O 12. Na4 Bb5 13. Nc3 Ba6 14. Na4 Bb5 15.
Nc3 Ba6 16. Na4 1/2-1/2

[Event "BL 1213 SV Griesheim - SV Wattenscheid"]
[Site "?"]
[Date "2012.11.10"]
[Round "3.7"]
[White "Henrichs, Thomas"]
[Black "Walter, Stefan"]
[Result "1-0"]
[WhiteElo "2505"]
[BlackElo "2358"]
[PlyCount "91"]
[EventDate "2012.??.??"]

1. d4 Nf6 2. c4 e6 3. Nc3 Bb4 4. e3 O-O 5. Bd3 c5 6. Nf3 cxd4 7. exd4 d5 8. O-O
dxc4 9. Bxc4 b6 10. Bg5 Bb7 11. Rc1 Nc6 12. Bd3 Be7 13. Re1 Rc8 14. a3 Nd5 15.
h4 Nxc3 16. bxc3 h6 17. Bd2 Re8 18. a4 Bf6 19. Bf4 Qd5 20. Rb1 Qa5 21. Re3 Ba6
22. Bb5 Red8 23. Qf1 Bb7 24. Nd2 Nxd4 25. Nc4 Rxc4 26. Qxc4 Nc2 27. Rd3 Na3 28.
Rxd8+ Bxd8 29. Qd3 Bxh4 30. Rd1 Nxb5 31. axb5 Qa4 32. c4 Bf6 33. Rc1 e5 34. Re1
Qb4 35. Bd2 Qe7 36. Bc3 Qe6 37. Qg3 Qxc4 38. Bxe5 Qb4 39. Bxf6 Qxe1+ 40. Kh2 g5
41. Qb8+ Kh7 42. Qxb7 Kg6 43. Bd4 Qe2 44. Qc6+ Kh7 45. Qf6 Qh5+ 46. Kg3 1-0

[Event "BL 1213 SV Griesheim - SV Wattenscheid"]
[Site "?"]
[Date "2012.11.10"]
[Round "3.8"]
[White "Janoszka, Arnd"]
[Black "Dinstuhl, Volkmar Dr"]
[Result "1/2-1/2"]
[WhiteElo "2349"]
[BlackElo "2409"]
[PlyCount "73"]
[EventDate "2012.??.??"]

1. c4 Nf6 2. g3 e5 3. Bg2 d5 4. cxd5 Nxd5 5. Nc3 Nb6 6. Nf3 Nc6 7. a3 Be7 8. b4
Be6 9. O-O O-O 10. Rb1 f6 11. d3 a5 12. b5 Nd4 13. Nd2 Qc8 14. e3 Nf5 15. Qc2
Rd8 16. Re1 Kh8 17. Bf1 Bf8 18. Na4 Nxa4 19. Qxa4 Qd7 20. Bb2 b6 21. Bc3 Rac8
22. Rec1 Qf7 23. Bb2 Bc5 24. Rxc5 bxc5 25. Qxa5 Qe7 26. Qc3 Ra8 27. Rc1 Qe8 28.
Qxc5 Rd5 29. Qc2 Rxb5 30. d4 exd4 31. Bxb5 Qxb5 32. Bxd4 Qe2 33. Bc5 Rd8 34.
Nf1 Qf3 35. Nd2 Qe2 36. Nf1 Qf3 37. Nd2 1/2-1/2

[Event "BL 1213 SK Norderstedt - SV Mülheim Nor"]
[Site "?"]
[Date "2012.11.10"]
[Round "3.1"]
[White "Navara, David"]
[Black "Kopylov, Mihail"]
[Result "1-0"]
[WhiteElo "2722"]
[BlackElo "2473"]
[PlyCount "39"]
[EventDate "2012.??.??"]

1. e4 e6 2. d4 d5 3. Nd2 dxe4 4. Nxe4 Nd7 5. Nf3 Ngf6 6. Bd3 c5 7. O-O Nxe4 8.
Bxe4 Nf6 9. Bg5 cxd4 10. Nxd4 Be7 11. Bf3 O-O 12. Qd3 Qc7 13. Qe3 Rd8 14. Rad1
Nd5 15. Bxd5 Bxg5 16. Qxg5 Rxd5 17. Nb5 Qb6 18. Qe7 Bd7 19. Rxd5 Bc6 20. Nc7
1-0

[Event "BL 1213 SK Norderstedt - SV Mülheim Nor"]
[Site "?"]
[Date "2012.11.10"]
[Round "3.2"]
[White "Feuerstack, Aljoscha"]
[Black "Fridman, Daniel"]
[Result "1/2-1/2"]
[WhiteElo "2421"]
[BlackElo "2670"]
[PlyCount "52"]
[EventDate "2012.??.??"]

1. e4 e6 2. d4 d5 3. Nd2 c5 4. exd5 Qxd5 5. Ngf3 cxd4 6. Bc4 Qd7 7. O-O Nc6 8.
Nb3 Nf6 9. Nbxd4 Nxd4 10. Nxd4 a6 11. c3 Bd6 12. Qe2 Qc7 13. Bg5 Bxh2+ 14. Kh1
Bf4 15. Bxf6 gxf6 16. Bxe6 fxe6 17. Nxe6 Bxe6 18. Qxe6+ Kf8 19. Qxf6+ Kg8 20.
g3 Be5 21. Qe6+ Kg7 22. Qg4+ Kf7 23. Qh5+ Kg7 24. Qg5+ Kf7 25. Qh5+ Kg7 26.
Qg5+ Kf7 1/2-1/2

[Event "BL 1213 SK Norderstedt - SV Mülheim Nor"]
[Site "?"]
[Date "2012.11.10"]
[Round "3.3"]
[White "Landa, Konstantin"]
[Black "Petrosian, Suren"]
[Result "1-0"]
[WhiteElo "2641"]
[BlackElo "2384"]
[PlyCount "59"]
[EventDate "2012.??.??"]

1. e4 d6 2. d4 g6 3. Bc4 Bg7 4. Nf3 Nf6 5. Qe2 Nc6 6. O-O Bg4 7. Bb5 O-O 8. c3
a6 9. Bxc6 bxc6 10. Nbd2 a5 11. a4 Qc8 12. h3 Bd7 13. b3 Qa6 14. Qe3 Rab8 15.
Bb2 h6 16. c4 g5 17. Bc3 Nh5 18. Rfe1 c5 19. dxc5 Bxc3 20. Qxc3 dxc5 21. Qe3
Nf4 22. h4 Qf6 23. hxg5 hxg5 24. Qxc5 Nd3 25. Qxc7 Nxe1 26. Rxe1 Bg4 27. Ne5
Qf4 28. Qxa5 Rfd8 29. Nf1 Rd6 30. g3 1-0

[Event "BL 1213 SK Norderstedt - SV Mülheim Nor"]
[Site "?"]
[Date "2012.11.10"]
[Round "3.4"]
[White "Meyer, Falko"]
[Black "Berelowitsch, Alexander"]
[Result "0-1"]
[WhiteElo "2259"]
[BlackElo "2565"]
[PlyCount "103"]
[EventDate "2012.??.??"]

1. c4 e6 2. g3 d5 3. Bg2 c5 4. Nf3 Nf6 5. O-O Nc6 6. e3 Be7 7. Qe2 O-O 8. b3 e5
9. cxd5 Nxd5 10. d3 Ndb4 11. Rd1 Bf5 12. Ne1 Be6 13. Bb2 Qd7 14. Nd2 Rfd8 15.
a3 Nd5 16. Nc4 f6 17. Rac1 Bf7 18. h3 Bf8 19. Kh2 Rac8 20. Nf3 b5 21. Ncd2 a6
22. Ba1 Nb6 23. Ne1 Na5 24. Rb1 Be6 25. Qh5 Qf7 26. Qxf7+ Kxf7 27. f4 exf4 28.
gxf4 Kg8 29. Bc3 Nc6 30. Ne4 b4 31. axb4 cxb4 32. Bd2 Na5 33. Ra1 Nxb3 34. Rxa6
Rb8 35. Rb1 Bf7 36. Rb2 Nxd2 37. Nxd2 Nd5 38. Nc4 Nc3 39. Ra1 Bc5 40. Na5 Bxe3
41. Nc6 Bxf4+ 42. Kh1 b3 43. d4 Bc4 44. Nxd8 Rxd8 45. Nd3 Bxd3 46. Rxb3 Ne4 47.
Ra7 Rc8 48. Ra1 f5 49. h4 Rc7 50. Bf3 Kf7 51. Rb8 Rd7 52. Ra5 0-1

[Event "BL 1213 SK Norderstedt - SV Mülheim Nor"]
[Site "?"]
[Date "2012.11.10"]
[Round "3.5"]
[White "Feygin, Michael"]
[Black "Jochens, Arne"]
[Result "1-0"]
[WhiteElo "2538"]
[BlackElo "2298"]
[PlyCount "63"]
[EventDate "2012.??.??"]

1. e4 e6 2. d4 d5 3. e5 b6 4. c3 Qd7 5. Nd2 c5 6. Ndf3 Ne7 7. Nh3 Ba6 8. Bxa6
Nxa6 9. Qe2 Nb8 10. Nf4 cxd4 11. cxd4 Nbc6 12. Nh5 Nf5 13. Be3 Bb4+ 14. Kf1 O-O
15. g4 Nxe3+ 16. Qxe3 Be7 17. g5 Kh8 18. Rg1 Nb4 19. Qe2 Rac8 20. a3 Qa4 21.
Rd1 Rc2 22. Rd2 Rxd2 23. Qxd2 Nc6 24. Rg3 Na5 25. Nf6 Rc8 26. Kg2 Qc2 27. Qf4
Nc6 28. Nxh7 Qf5 29. Rh3 Kg8 30. Qh4 f6 31. gxf6 Qg6+ 32. Nhg5 1-0

[Event "BL 1213 SK Norderstedt - SV Mülheim Nor"]
[Site "?"]
[Date "2012.11.10"]
[Round "3.6"]
[White "Michna, Christian"]
[Black "Levin, Felix"]
[Result "1/2-1/2"]
[WhiteElo "2279"]
[BlackElo "2508"]
[PlyCount "59"]
[EventDate "2012.??.??"]

1. d4 Nf6 2. Nc3 d5 3. Bg5 c6 4. Bxf6 gxf6 5. e3 e5 6. Qh5 Bd6 7. O-O-O e4 8.
f3 f5 9. g4 Nd7 10. gxf5 Nf6 11. Qh3 Bb4 12. Nge2 exf3 13. Qxf3 Qe7 14. Bg2 Bd7
15. e4 dxe4 16. Nxe4 O-O-O 17. N2g3 Ba5 18. Kb1 Kb8 19. Nc5 Bc8 20. c3 Rhe8 21.
Nd3 Nd5 22. Rhe1 Qh4 23. Ne5 f6 24. Re4 Qxe4+ 25. Nxe4 fxe5 26. dxe5 Rxe5 27.
Ng3 Rde8 28. f6 Rf8 29. Qd3 Rxf6 30. Bxd5 1/2-1/2

[Event "BL 1213 SK Norderstedt - SV Mülheim Nor"]
[Site "?"]
[Date "2012.11.10"]
[Round "3.7"]
[White "Hausrath, Daniel"]
[Black "Kahlert, Thomas"]
[Result "0-1"]
[WhiteElo "2484"]
[BlackElo "2230"]
[PlyCount "78"]
[EventDate "2012.??.??"]

1. Nf3 Nf6 2. g3 g6 3. b3 Bg7 4. Bb2 O-O 5. Bg2 d5 6. O-O c5 7. c4 d4 8. b4 Nc6
9. bxc5 Nd7 10. d3 Nxc5 11. Nbd2 Rb8 12. Rb1 b6 13. Ba3 Ne6 14. Qc2 Qc7 15. e4
Bd7 16. Nb3 a5 17. Qe2 a4 18. Na1 Nc5 19. Nc2 e5 20. Nd2 f5 21. exf5 gxf5 22.
Rb5 Ne7 23. Nxd4 Bxb5 24. Nxb5 Qd7 25. Nf3 Ng6 26. Ng5 Bf6 27. Qh5 Bxg5 28.
Qxg5 Qxd3 29. Bd5+ Kg7 30. Bb2 Rbe8 31. Nd6 Re7 32. Re1 h6 33. Qh5 Rf6 34. Bc1
f4 35. Bxf4 Nxf4 36. gxf4 Qg6+ 37. Qxg6+ Rxg6+ 38. Kf1 Rxd6 39. fxe5 Nd3 0-1

[Event "BL 1213 SK Norderstedt - SV Mülheim Nor"]
[Site "?"]
[Date "2012.11.10"]
[Round "3.8"]
[White "Bohnsack, Ralf"]
[Black "Saltaev, Mihail"]
[Result "1/2-1/2"]
[WhiteElo "2153"]
[BlackElo "2479"]
[PlyCount "42"]
[EventDate "2012.??.??"]

1. d4 Nf6 2. Nf3 g6 3. c4 d6 4. Nc3 Nbd7 5. e4 e5 6. Be2 Bg7 7. O-O O-O 8. Qc2
c6 9. Rd1 Qe7 10. d5 c5 11. Bg5 h6 12. Bd2 Ne8 13. g3 Nb6 14. Nh4 h5 15. a3 Bf6
16. Ng2 h4 17. b4 Nd7 18. Bg4 Nb6 19. Be2 Nd7 20. Bg4 Nb6 21. Be2 Nd7 1/2-1/2

[Event "BL 1213 Hamburger SK - SF Katernberg"]
[Site "?"]
[Date "2012.11.10"]
[Round "3.1"]
[White "Volokitin, Andrei"]
[Black "Zherebukh, Yaroslaw"]
[Result "1/2-1/2"]
[WhiteElo "2724"]
[BlackElo "2628"]
[PlyCount "73"]
[EventDate "2012.??.??"]

1. e4 e5 2. Nf3 Nc6 3. Bb5 a6 4. Ba4 Nf6 5. O-O Be7 6. d3 b5 7. Bb3 d6 8. a4
Bd7 9. Nc3 Na5 10. Ba2 b4 11. Ne2 c5 12. Ng3 O-O 13. Nh4 g6 14. Bh6 Re8 15. Bd2
Be6 16. Bxe6 fxe6 17. f4 exf4 18. Bxf4 Nc6 19. Nf3 Ng4 20. Nd4 Nxd4 21. Qxg4
Bf6 22. Bxd6 Qxd6 23. Rxf6 Nxc2 24. Raf1 Qd4+ 25. R1f2 Ne3 26. Qf3 Rad8 27. h3
c4 28. Ne2 Qxb2 29. d4 Nd1 30. Rxg6+ hxg6 31. Qf7+ Kh8 32. Qf6+ Kh7 33. Qf7+
Kh8 34. Qf6+ Kh7 35. Qf7+ Kh8 36. Qf6+ Kh7 37. Qf7+ 1/2-1/2

[Event "BL 1213 Hamburger SK - SF Katernberg"]
[Site "?"]
[Date "2012.11.10"]
[Round "3.2"]
[White "Ghaem Maghami, Ehsan"]
[Black "Kryvoruchko, Yuriy"]
[Result "1/2-1/2"]
[WhiteElo "2557"]
[BlackElo "2679"]
[PlyCount "43"]
[EventDate "2012.??.??"]

1. e4 c5 2. Nf3 Nc6 3. Bb5 Nf6 4. Nc3 g6 5. O-O Bg7 6. Re1 O-O 7. e5 Ne8 8.
Bxc6 dxc6 9. d3 Nc7 10. h3 Ne6 11. Ne4 b6 12. Neg5 Nc7 13. Ne4 h6 14. b3 Ne6
15. Ng3 Nd4 16. Bb2 Be6 17. c4 Qd7 18. Bxd4 cxd4 19. Ne2 c5 20. Nf4 a5 21. Qe2
Ra6 22. a4 1/2-1/2

[Event "BL 1213 Hamburger SK - SF Katernberg"]
[Site "?"]
[Date "2012.11.10"]
[Round "3.4"]
[White "Hansen, Sune Berg"]
[Black "Firman, Nazar"]
[Result "1/2-1/2"]
[WhiteElo "2566"]
[BlackElo "2531"]
[PlyCount "70"]
[EventDate "2012.??.??"]

1. Nf3 c5 2. g3 Nc6 3. Bg2 e5 4. O-O d5 5. d3 Be7 6. c4 d4 7. b4 cxb4 8. a3
bxa3 9. Qa4 Bd7 10. Bxa3 Nf6 11. Bxe7 Qxe7 12. Qa3 Rb8 13. Nbd2 b6 14. Qxe7+
Kxe7 15. Nh4 Na5 16. f4 Ng4 17. fxe5 Nxe5 18. Rf4 f6 19. Nhf3 g5 20. Rxd4 Nec6
21. Re4+ Kd8 22. Nd4 f5 23. Nxc6+ Nxc6 24. Re3 a5 25. Bxc6 Bxc6 26. c5 a4 27.
cxb6 Rxb6 28. Nc4 Rb4 29. Re5 Re8 30. Rc5 Re6 31. Kf2 Rb5 32. Rxb5 Bxb5 33. Ne3
Rh6 34. Nxf5 Rxh2+ 35. Kg1 Rxe2 1/2-1/2

[Event "BL 1213 Hamburger SK - SF Katernberg"]
[Site "?"]
[Date "2012.11.10"]
[Round "3.5"]
[White "Bischoff, Klaus"]
[Black "Ftacnik, Lubomir Dr"]
[Result "1/2-1/2"]
[WhiteElo "2519"]
[BlackElo "2547"]
[PlyCount "137"]
[EventDate "2012.??.??"]

1. d4 Nf6 2. Nf3 g6 3. Nbd2 d5 4. e3 Bg7 5. b4 O-O 6. c4 b6 7. Bb2 c5 8. bxc5
bxc5 9. Be2 cxd4 10. Nxd4 Bb7 11. O-O Nbd7 12. Rc1 dxc4 13. Nxc4 Bd5 14. Nb3
Rc8 15. Bd4 Rc7 16. f3 Bh6 17. Nba5 Nb6 18. Ne5 Qd6 19. Rxc7 Qxc7 20. Qd2 Rc8
21. Ba6 Qc2 22. Qb4 Rc7 23. e4 Bd2 24. Qa3 Qxa2 25. Qxa2 Bxa2 26. Nac6 Bb3 27.
Ra1 Ne8 28. Nxa7 Rxa7 29. Bxb6 Ra8 30. Bd4 Nc7 31. Rb1 Ne6 32. Bb7 Rb8 33. Rxb3
Nxd4 34. Rd3 Bf4 35. Nc4 Rxb7 36. Rxd4 Rb1+ 37. Kf2 Bxh2 38. Rd8+ Kg7 39. g3
Rc1 40. Nd2 Bg1+ 41. Ke2 h5 42. e5 Bh2 43. Ne4 h4 44. gxh4 Bxe5 45. Rd7 Rc7 46.
Rxc7 Bxc7 47. Kf2 Bf4 48. Kg2 Kh6 49. Kh3 Kh5 50. Nc3 Be5 51. Ne2 Bc7 52. Nd4
e5 53. Ne2 f5 54. Ng3+ Kh6 55. h5 f4 56. Ne4 gxh5 57. Nf2 Kg6 58. Nd3 Bd6 59.
Nf2 Be7 60. Kg2 Kf5 61. Kf1 Ke6 62. Kg2 Kd5 63. Kf1 Kd4 64. Ke2 Bd8 65. Nh3 Bh4
66. Ng1 e4 67. Nh3 Bg3 68. fxe4 Kxe4 69. Nxf4 1/2-1/2

[Event "BL 1213 Hamburger SK - SF Katernberg"]
[Site "?"]
[Date "2012.11.10"]
[Round "3.6"]
[White "Mueller, Karsten Dr"]
[Black "Siebrecht, Sebastian"]
[Result "0-1"]
[WhiteElo "2529"]
[BlackElo "2479"]
[PlyCount "62"]
[EventDate "2012.??.??"]

1. d4 d5 2. c4 c6 3. cxd5 cxd5 4. Nc3 Nc6 5. Bf4 Nf6 6. e3 a6 7. Bd3 Bg4 8. Nf3
e6 9. h3 Bh5 10. g4 Bg6 11. Ne5 Nxe5 12. Bxe5 Bxd3 13. Qxd3 Bd6 14. O-O-O b5
15. Bxf6 Qxf6 16. f4 O-O 17. Kb1 Rfc8 18. Rdf1 Rc4 19. f5 Qd8 20. h4 Rac8 21.
g5 Qa5 22. g6 Rxc3 23. gxf7+ Kf8 24. bxc3 Rxc3 25. Qe2 Ba3 26. Qh2 e5 27. dxe5
Qb4+ 28. Ka1 Rc4 29. Rf4 Qc3+ 30. Kb1 Qc1+ 31. Rxc1 Rxc1# 0-1

[Event "BL 1213 Hamburger SK - SF Katernberg"]
[Site "?"]
[Date "2012.11.10"]
[Round "3.7"]
[White "Kotainy, Jens"]
[Black "Heinemann, Thies"]
[Result "0-1"]
[WhiteElo "2413"]
[BlackElo "2479"]
[PlyCount "116"]
[EventDate "2012.??.??"]

1. e4 c5 2. c3 g6 3. d4 cxd4 4. cxd4 d5 5. exd5 Nf6 6. Nc3 Bg7 7. Bc4 Nbd7 8.
Nf3 Nb6 9. O-O O-O 10. Bb3 Nbxd5 11. Ne5 Be6 12. Qf3 Rb8 13. Rd1 Qd6 14. Bg5
Rfd8 15. Bh4 Rbc8 16. Bg3 Qa6 17. h3 b5 18. Rac1 Nxc3 19. bxc3 Bd5 20. Bxd5
Rxd5 21. Bh4 Rd6 22. Bxf6 Bxf6 23. Ng4 Qxa2 24. Ra1 Qd5 25. Qxd5 Rxd5 26. Nxf6+
exf6 27. Rxa7 Rxc3 28. Rb7 Rc4 29. Re1 Rc8 30. Ree7 Rf8 31. Rb6 Kg7 32. Reb7
Rxd4 33. Rxb5 Rd1+ 34. Kh2 Rd2 35. Rb2 Rfd8 36. Kg1 g5 37. Rxd2 Rxd2 38. g3 f5
39. Kg2 Kg6 40. Rb6+ f6 41. Rb4 Re2 42. Kf3 Re1 43. Ra4 Rg1 44. Rb4 h5 45. h4
Re1 46. hxg5 fxg5 47. Rb6+ Kg7 48. Ra6 Re4 49. Ra7+ Kf6 50. Ra6+ Re6 51. Ra8
Kg7 52. Ra7+ Kg6 53. Ra8 h4 54. Rg8+ Kh7 55. Rxg5 h3 56. Rh5+ Rh6 57. Rxh6+
Kxh6 58. g4 f4 0-1

[Event "BL 1213 Hamburger SK - SF Katernberg"]
[Site "?"]
[Date "2012.11.10"]
[Round "3.8"]
[White "Berger, Steve"]
[Black "Ris, Robert"]
[Result "1/2-1/2"]
[WhiteElo "2400"]
[BlackElo "2394"]
[PlyCount "110"]
[EventDate "2012.??.??"]

1. e4 e5 2. Nf3 Nc6 3. Nc3 Bc5 4. Nxe5 Nxe5 5. d4 Bd6 6. dxe5 Bxe5 7. f4 Bxc3+
8. bxc3 d6 9. Qd4 Qf6 10. Be2 Ne7 11. Bf3 Nc6 12. Qxf6 gxf6 13. Rb1 Be6 14.
Rxb7 Kd7 15. Rb3 a5 16. c4 Bxc4 17. Bg4+ Be6 18. Bxe6+ fxe6 19. Bb2 a4 20. Rh3
Rab8 21. Bxf6 Rhf8 22. Rxh7+ Ke8 23. Bg5 Rb1+ 24. Kf2 Rxh1 25. Rxc7 Ra1 26.
Rxc6 Kd7 27. Ra6 Rxa2 28. Kf3 Rc8 29. h4 Rcxc2 30. g3 Rh2 31. Kg4 a3 32. h5 Ra1
33. Bf6 Rah1 34. Rxa3 Rxh5 35. Ra7+ Kc6 36. Ra6+ Kd7 37. e5 dxe5 38. fxe5 Rh7
39. Rd6+ Ke8 40. Rxe6+ Kf7 41. Ra6 Re1 42. Kg5 Re2 43. g4 Re1 44. Rb6 Re2 45.
Rb1 Re3 46. Kf5 Rf3+ 47. Kg5 Re3 48. Kf4 Re2 49. Rf1 Kg6 50. Ra1 Rhh2 51. Ra6
Rhf2+ 52. Kg3 Rg2+ 53. Kf3 Ref2+ 54. Ke3 Re2+ 55. Kf3 Rgf2+ 1/2-1/2

[Event "BL 1213 Werder Bremen - OSG Baden Baden"]
[Site "?"]
[Date "2012.11.10"]
[Round "3.2"]
[White "Efimenko, Zahar"]
[Black "Bacrot, Etienne"]
[Result "0-1"]
[WhiteElo "2689"]
[BlackElo "2705"]
[PlyCount "86"]
[EventDate "2012.??.??"]

1. e4 e5 2. Nf3 Nc6 3. Bb5 Nf6 4. O-O Nxe4 5. d4 Nd6 6. Bxc6 dxc6 7. dxe5 Nf5
8. Qxd8+ Kxd8 9. Nc3 Ke8 10. h3 h5 11. Rd1 Be7 12. g3 b6 13. a4 a5 14. Bf4 Rg8
15. Ng5 Bb7 16. Rd3 Ba6 17. Rd2 Rd8 18. Rad1 Bc8 19. Kh2 Rxd2 20. Rxd2 Bd8 21.
h4 Ne7 22. Be3 Ng6 23. f4 Bxg5 24. hxg5 h4 25. Bf2 hxg3+ 26. Bxg3 Ne7 27. Kg2
Rh8 28. e6 Nf5 29. exf7+ Kxf7 30. Bf2 c5 31. Nb5 Bb7+ 32. Kf1 Bf3 33. Rd7+ Kg6
34. Bg1 Kh5 35. Nxc7 Kg4 36. Kf2 Bc6 37. Rd3 Be4 38. Rb3 Rd8 39. Rxb6 Bf3 40.
Re6 Rd2+ 41. Ke1 Rd1+ 42. Kf2 Ng3 43. g6 Kxf4 0-1

[Event "BL 1213 Werder Bremen - OSG Baden Baden"]
[Site "?"]
[Date "2012.11.10"]
[Round "3.4"]
[White "Nyback, Tomi"]
[Black "Naiditsch, Arkadij"]
[Result "0-1"]
[WhiteElo "2598"]
[BlackElo "2704"]
[PlyCount "86"]
[EventDate "2012.??.??"]

1. d4 Nf6 2. c4 e6 3. Nf3 d5 4. Nc3 c5 5. cxd5 Nxd5 6. e4 Nxc3 7. bxc3 cxd4 8.
cxd4 Bb4+ 9. Bd2 Bxd2+ 10. Qxd2 O-O 11. Bc4 Nd7 12. O-O b6 13. d5 Nc5 14. Rad1
Qf6 15. Qe3 e5 16. Nd2 Bd7 17. f4 Rac8 18. Rde1 b5 19. fxe5 Qxe5 20. Bb3 f6 21.
Nf3 Qd6 22. e5 fxe5 23. Qxe5 Rf6 24. Bc2 Rcf8 25. Qxd6 Rxd6 26. Ng5 Rxf1+ 27.
Rxf1 g6 28. Ne4 Nxe4 29. Bxe4 Kg7 30. Kf2 Ra6 31. Ke3 Rxa2 32. Kd4 b4 33. d6
Rd2+ 34. Kc5 b3 35. Ra1 Ra2 36. Rb1 Ra5+ 37. Kd4 Rb5 38. Bd5 b2 39. Bc4 Rb6 40.
Kc3 Kf6 41. Bb3 Be6 42. Rf1+ Kg7 43. Bc2 Rxd6 0-1

[Event "BL 1213 Werder Bremen - OSG Baden Baden"]
[Site "?"]
[Date "2012.11.10"]
[Round "3.6"]
[White "Meins, Gerlef"]
[Black "Kasimdzhanov, Rustam"]
[Result "1/2-1/2"]
[WhiteElo "2473"]
[BlackElo "2690"]
[PlyCount "64"]
[EventDate "2012.??.??"]

1. d4 Nf6 2. c4 e6 3. Nf3 b6 4. g3 Ba6 5. Qc2 Bb7 6. Bg2 Bb4+ 7. Bd2 a5 8. O-O
h6 9. a3 Bxd2 10. Nbxd2 a4 11. Nb1 Be4 12. Qd1 Bxb1 13. Rxb1 Ra5 14. Rc1 O-O
15. Nd2 c5 16. e3 cxd4 17. exd4 d5 18. cxd5 Nxd5 19. Nc4 Ra7 20. Ne5 Qd6 21.
Rc4 b5 22. Rc5 Nd7 23. Nxd7 Qxd7 24. Bxd5 exd5 25. Qf3 b4 26. axb4 Rb7 27. Qxd5
Qxd5 28. Rxd5 Rxb4 29. Ra1 Rfb8 30. Ra5 Rxd4 31. R5xa4 Rxa4 32. Rxa4 Rxb2
1/2-1/2

[Event "BL 1213 Werder Bremen - OSG Baden Baden"]
[Site "?"]
[Date "2012.11.10"]
[Round "3.7"]
[White "Nielsen, Peter-Heine"]
[Black "Fish, Gennadij"]
[Result "1-0"]
[WhiteElo "2662"]
[BlackElo "2475"]
[PlyCount "55"]
[EventDate "2012.??.??"]

1. d4 d5 2. c4 e6 3. Nf3 c5 4. cxd5 exd5 5. g3 Nc6 6. Bg2 Nf6 7. O-O Be7 8. Nc3
O-O 9. dxc5 Bxc5 10. a3 d4 11. Na4 Be7 12. b4 b5 13. Nc5 Bxc5 14. bxc5 Bg4 15.
Bb2 Rc8 16. Nxd4 Nxd4 17. Qxd4 Bxe2 18. Rfc1 Bc4 19. a4 a6 20. axb5 axb5 21. c6
Qxd4 22. Bxd4 Rfe8 23. Ra7 Nd5 24. Rd7 Ne7 25. Re1 Be6 26. Rxe6 fxe6 27. c7 b4
28. Bb7 1-0

[Event "BL 1213 Werder Bremen - OSG Baden Baden"]
[Site "?"]
[Date "2012.11.10"]
[Round "3.8"]
[White "Asendorf, Joachim Dr"]
[Black "Schlosser, Philipp"]
[Result "0-1"]
[WhiteElo "2356"]
[BlackElo "2579"]
[PlyCount "154"]
[EventDate "2012.??.??"]

1. c4 Nf6 2. g3 e5 3. Bg2 h6 4. a3 c6 5. d4 exd4 6. Qxd4 d5 7. Nf3 Be7 8. cxd5
cxd5 9. O-O O-O 10. Rd1 Bf5 11. Be3 Bc2 12. Rc1 Nc6 13. Qd2 Be4 14. Nd4 Ne5 15.
f3 Bg6 16. b3 Qd7 17. Nc3 Rfe8 18. Bf2 Rac8 19. Qb2 Bc5 20. Rd1 Nc6 21. Qd2 Qe7
22. Bh3 Bxa3 23. Bxc8 Rxc8 24. Ncb5 Bb4 25. Qe3 Qd7 26. Nxc6 bxc6 27. Rxa7 Qh3
28. Nd4 c5 29. Nb5 Ng4 30. fxg4 Be4 31. Qxe4 dxe4 32. Rdd7 Qxg4 33. Rxf7 Rf8
34. Rxg7+ Qxg7 35. Rxg7+ Kxg7 36. Nd6 c4 37. Bd4+ Kg6 38. Nxc4 h5 39. Kg2 Kf5
40. h3 Ke6 41. Be3 Be1 42. Bc5 Rb8 43. Bb6 Rb7 44. Bf2 Bxf2 45. Kxf2 Rxb3 46.
Ne3 Ke5 47. Ng2 Kf5 48. Nh4+ Kg5 49. Ng2 Rb1 50. Nh4 Ra1 51. Kg2 Kf6 52. Kf2
Ke5 53. Ke3 Ra6 54. Ng2 Rg6 55. Kf2 Kd4 56. Nf4 Rf6 57. e3+ Kc3 58. Ke2 Rf5 59.
h4 Ra5 60. Kd1 Kc4 61. Ke1 Rc5 62. Ke2 Kb5 63. Kd2 Kc6 64. Ne6 Rd5+ 65. Ke1 Kd6
66. Nf4 Rc5 67. Kf2 Ke5 68. Nxh5 Kf5 69. Nf4 Kg4 70. Ne2 Rf5+ 71. Nf4 Ra5 72.
Ne2 Ra2 73. h5 Kxh5 74. Ke1 Ra3 75. Kf2 Kg4 76. Nd4 Ra2+ 77. Ne2 Rxe2+ 0-1

[Event "BL 1213 Turm Emsdetten - SG Turm Trier"]
[Site "?"]
[Date "2012.11.10"]
[Round "3.1"]
[White "Erdoes, Viktor"]
[Black "Spoelman, Wouter"]
[Result "1/2-1/2"]
[WhiteElo "2637"]
[BlackElo "2541"]
[PlyCount "61"]
[EventDate "2012.??.??"]

1. c4 e5 2. g3 Nf6 3. Bg2 d5 4. cxd5 Nxd5 5. Nc3 Nb6 6. e3 Nc6 7. Nge2 Be7 8.
O-O O-O 9. f4 exf4 10. Nxf4 Bf5 11. b3 Qd7 12. Bb2 Rad8 13. Rf2 Nb4 14. d4 c6
15. e4 Bg4 16. Nce2 Bg5 17. a3 Na6 18. Qf1 Nc7 19. h3 Be6 20. Rf3 Nb5 21. Rd1
Nd6 22. Rfd3 Qe7 23. Nxe6 Qxe6 24. Nf4 Qe7 25. Re1 Bxf4 26. Qxf4 f5 27. e5 Ne4
28. Bxe4 fxe4 29. Qxe4 Nd5 30. Bc1 Qe6 31. Qg4 1/2-1/2

[Event "BL 1213 Turm Emsdetten - SG Turm Trier"]
[Site "?"]
[Date "2012.11.10"]
[Round "3.2"]
[White "Pruijssers, Roeland"]
[Black "Parligras, Mircea"]
[Result "1/2-1/2"]
[WhiteElo "2519"]
[BlackElo "2633"]
[PlyCount "119"]
[EventDate "2012.??.??"]

1. e4 c6 2. d4 d5 3. e5 Bf5 4. Nd2 e6 5. Nb3 Nd7 6. Be3 Ne7 7. Be2 Be4 8. f3
Bg6 9. f4 Nf5 10. Bf2 h5 11. Nf3 Be7 12. O-O Rc8 13. c3 a6 14. Nc5 Nxc5 15.
dxc5 h4 16. Ne1 Bh7 17. Nc2 g5 18. fxg5 Bxg5 19. Bd3 Bf4 20. Nd4 Ne3 21. Bxe3
Bxe3+ 22. Kh1 Qg5 23. Qf3 Rc7 24. Bxh7 Bxd4 25. cxd4 Rxh7 26. Rf2 Rg7 27. Raf1
Qg4 28. Qxg4 Rxg4 29. Rf4 Rxf4 30. Rxf4 h3 31. gxh3 b6 32. cxb6 Rb7 33. Kg2
Rxb6 34. b3 a5 35. h4 a4 36. h5 axb3 37. h6 Ke7 38. h7 Rb8 39. axb3 Rh8 40. Rh4
f6 41. b4 fxe5 42. dxe5 Kf7 43. Rh6 Kg7 44. Rxe6 Kxh7 45. Rxc6 Rb8 46. Rd6 Rxb4
47. Kf3 Rd4 48. Kg3 Re4 49. Rxd5 Kg6 50. Kf3 Rh4 51. Kg3 Re4 52. Kf3 Rh4 53.
Rd2 Kf5 54. Re2 Rh3+ 55. Kg2 Rh6 56. Kg3 Rg6+ 57. Kf3 Re6 58. h4 Rxe5 59. Rg2
Kf6 60. Rg5 1/2-1/2